[Event "DEM U12w 2025"]
[Site "Willingen GER"]
[Date "2025.06.11"]
[Round "6"]
[White "Georgieva, Teodora"]
[Black "Kühn, Nicole"]
[Result "1-0"]
[Termination "normal"]
[Board "17"]
[WhiteElo "1124"]
[BlackElo "1596"]
[WhiteClock "00:58:12"]
[BlackClock "00:23:19"]
[PlyCount "71"]
[WhiteFideId "34679375"]
[BlackFideId "34610510"]
[EventCountry "GER"]
[EventRounds "9"]
[EventType "swiss"]
[EventDate "2025.06.07"]

1. e4 {[%clk 01:30:58]} {[%emt 00:00:01]} e5 {[%clk 01:30:36]} {[%emt
00:00:25]} 2. Nf3 {[%clk 01:31:19]} {[%emt 00:00:09]} Nc6 {[%clk 01:30:39]}
{[%emt 00:00:27]} 3. Bc4 {[%clk 01:31:40]} {[%emt 00:00:09]} Be7 {[%clk
01:30:40]} {[%emt 00:00:29]} 4. Nc3 {[%clk 01:30:59]} {[%emt 00:01:10]} Nf6
{[%clk 01:30:29]} {[%emt 00:00:42]} 5. d3 {[%clk 01:31:13]} {[%emt 00:00:16]}
d6 {[%clk 01:29:48]} {[%emt 00:01:11]} 6. h3 {[%clk 01:30:56]} {[%emt
00:00:47]} Na5 {[%clk 01:23:44]} {[%emt 00:06:34]} 7. Bb3 {[%clk 01:31:11]}
{[%emt 00:00:14]} Nxb3 {[%clk 01:23:31]} {[%emt 00:00:43]} 8. axb3 {[%clk
01:31:33]} {[%emt 00:00:08]} h6 {[%clk 01:21:55]} {[%emt 00:02:06]} 9. Be3
{[%clk 01:31:52]} {[%emt 00:00:10]} a6 {[%clk 01:20:46]} {[%emt 00:01:41]} 10.
O-O {[%clk 01:29:29]} {[%emt 00:02:52]} Be6 {[%clk 01:19:21]} {[%emt 00:01:55]}
11. d4 {[%clk 01:28:21]} {[%emt 00:01:38]} exd4 {[%clk 01:18:44]} {[%emt
00:01:08]} 12. Nxd4 {[%clk 01:28:38]} {[%emt 00:00:12]} O-O {[%clk 01:15:19]}
{[%emt 00:03:55]} 13. Qf3 {[%clk 01:25:28]} {[%emt 00:03:40]} Kh8 {[%clk
01:10:50]} {[%emt 00:04:59]} 14. e5 {[%clk 01:16:52]} {[%emt 00:09:06]} dxe5
{[%clk 01:07:55]} {[%emt 00:03:26]} 15. Nxe6 {[%clk 01:17:12]} {[%emt
00:00:09]} fxe6 {[%clk 01:07:50]} {[%emt 00:00:35]} 16. Qxb7 {[%clk 01:17:33]}
{[%emt 00:00:08]} Bd6 {[%clk 01:00:22]} {[%emt 00:08:00]} 17. Rxa6 {[%clk
01:17:05]} {[%emt 00:00:58]} Rxa6 {[%clk 00:59:01]} {[%emt 00:01:51]} 18. Qxa6
{[%clk 01:17:28]} {[%emt 00:00:06]} Nd5 {[%clk 00:55:01]} {[%emt 00:04:31]} 19.
Bd2 {[%clk 01:13:34]} {[%emt 00:04:23]} Nf4 {[%clk 00:47:44]} {[%emt 00:07:47]}
20. Ne4 {[%clk 01:10:54]} {[%emt 00:03:09]} Qh4 {[%clk 00:44:17]} {[%emt
00:03:57]} 21. Bxf4 {[%clk 01:08:57]} {[%emt 00:02:27]} exf4 {[%clk 00:42:55]}
{[%emt 00:01:53]} 22. Nxd6 {[%clk 01:09:17]} {[%emt 00:00:10]} cxd6 {[%clk
00:42:53]} {[%emt 00:00:33]} 23. Qxd6 {[%clk 01:09:39]} {[%emt 00:00:07]} Rf6
{[%clk 00:42:53]} {[%emt 00:00:30]} 24. Qd8+ {[%clk 01:09:18]} {[%emt
00:00:51]} Kh7 {[%clk 00:42:59]} {[%emt 00:00:23]} 25. Re1 {[%clk 01:09:17]}
{[%emt 00:00:31]} Qg5 {[%clk 00:42:38]} {[%emt 00:00:52]} 26. b4 {[%clk
01:03:54]} {[%emt 00:05:53]} f3 {[%clk 00:40:27]} {[%emt 00:02:42]} 27. g3
{[%clk 01:04:00]} {[%emt 00:00:23]} h5 {[%clk 00:30:54]} {[%emt 00:10:02]} 28.
h4 {[%clk 01:03:41]} {[%emt 00:00:49]} Qg4 {[%clk 00:30:34]} {[%emt 00:00:50]}
29. Qd3+ {[%clk 01:02:58]} {[%emt 00:01:14]} Kg8 {[%clk 00:29:35]} {[%emt
00:01:29]} 30. Re4 {[%clk 01:00:24]} {[%emt 00:03:04]} Qh3 {[%clk 00:27:27]}
{[%emt 00:02:39]} 31. Qf1 {[%clk 01:00:44]} {[%emt 00:00:09]} Qf5 {[%clk
00:27:19]} {[%emt 00:00:37]} 32. Rc4 {[%clk 00:59:37]} {[%emt 00:01:37]} g5
{[%clk 00:25:42]} {[%emt 00:02:08]} 33. Qd3 {[%clk 00:57:44]} {[%emt 00:02:22]}
Qh3 {[%clk 00:25:22]} {[%emt 00:00:50]} 34. Rc8+ {[%clk 00:58:08]} {[%emt
00:00:07]} Kg7 {[%clk 00:24:43]} {[%emt 00:01:09]} 35. Rc7+ {[%clk 00:58:12]}
{[%emt 00:00:26]} Kf8 {[%clk 00:23:19]} {[%emt 00:01:54]} 36. Qd8# 1-0

[Event "DEM U12w 2025"]
[Site "Willingen GER"]
[Date "2025.06.11"]
[Round "6"]
[White "Jänsch, Layla"]
[Black "Sriram, Yashasri"]
[Result "0-1"]
[Termination "normal"]
[Board "18"]
[WhiteElo "1095"]
[BlackElo "1547"]
[WhiteClock "00:27:46"]
[BlackClock "00:48:24"]
[PlyCount "120"]
[WhiteFideId "533043477"]
[BlackFideId "34656243"]
[EventCountry "GER"]
[EventRounds "9"]
[EventType "swiss"]
[EventDate "2025.06.07"]

1. e4 {[%clk 01:30:52]} {[%emt 00:00:07]} e6 {[%clk 01:30:30]} {[%emt
00:00:30]} 2. b3 {[%clk 01:31:15]} {[%emt 00:00:08]} d5 {[%clk 01:30:55]}
{[%emt 00:00:04]} 3. Bb2 {[%clk 01:31:38]} {[%emt 00:00:07]} Ne7 {[%clk
01:31:23]} {[%emt 00:00:02]} 4. e5 {[%clk 01:31:13]} {[%emt 00:00:55]} c5
{[%clk 01:31:48]} {[%emt 00:00:06]} 5. Nf3 {[%clk 01:30:28]} {[%emt 00:01:14]}
Nbc6 {[%clk 01:32:06]} {[%emt 00:00:13]} 6. g3 {[%clk 01:20:11]} {[%emt
00:10:46]} Nf5 {[%clk 01:31:04]} {[%emt 00:01:32]} 7. Bg2 {[%clk 01:18:54]}
{[%emt 00:01:47]} Be7 {[%clk 01:30:08]} {[%emt 00:01:26]} 8. O-O {[%clk
01:18:08]} {[%emt 00:01:17]} O-O {[%clk 01:29:44]} {[%emt 00:00:53]} 9. Re1
{[%clk 01:16:17]} {[%emt 00:02:21]} b5 {[%clk 01:27:26]} {[%emt 00:02:48]} 10.
d4 {[%emt 00:05:29]} c4 {[%clk 01:22:22]} {[%emt 00:05:09]} 11. a4 {[%clk
01:08:23]} {[%emt 00:03:51]} Rb8 {[%clk 01:18:26]} {[%emt 00:04:26]} 12. c3
{[%clk 01:03:48]} {[%emt 00:05:04]} bxa4 {[%clk 01:16:11]} {[%emt 00:02:45]}
13. b4 {[%clk 00:58:56]} {[%emt 00:05:23]} a5 {[%clk 01:14:30]} {[%emt
00:02:09]} 14. Qxa4 {[%clk 00:56:03]} {[%emt 00:03:23]} Bd7 {[%clk 01:02:04]}
{[%emt 00:12:55]} 15. Qc2 {[%clk 00:51:01]} {[%emt 00:05:28]} axb4 {[%clk
01:00:58]} {[%emt 00:01:41]} 16. Bh3 {[%clk 00:43:27]} {[%emt 00:08:04]} b3
{[%clk 00:58:02]} {[%emt 00:03:28]} 17. Qe2 {[%clk 00:41:44]} {[%emt 00:02:13]}
Qb6 {[%clk 00:56:04]} {[%emt 00:02:27]} 18. Nbd2 {[%clk 00:39:26]} {[%emt
00:02:48]} Ra8 {[%clk 00:53:35]} {[%emt 00:03:00]} 19. Nf1 {[%clk 00:38:48]}
{[%emt 00:01:05]} Ra6 {[%clk 00:51:46]} {[%emt 00:02:21]} 20. Rxa6 {[%clk
00:38:46]} {[%emt 00:00:32]} Qxa6 {[%clk 00:52:10]} {[%emt 00:00:06]} 21. Ra1
{[%clk 00:38:00]} {[%emt 00:01:16]} Qb7 {[%clk 00:52:02]} {[%emt 00:00:38]} 22.
Ne3 {[%clk 00:37:09]} {[%emt 00:01:19]} Nxe3 {[%emt 00:01:33]} 23. Qxe3 {[%clk
00:37:12]} {[%emt 00:00:11]} Ra8 {[%clk 00:51:31]} {[%emt 00:00:16]} 24. Rb1
{[%clk 00:36:21]} {[%emt 00:01:21]} Ra2 {[%clk 00:50:28]} {[%emt 00:01:34]} 25.
Qd2 {[%clk 00:31:55]} {[%emt 00:04:53]} Ba3 {[%clk 00:48:21]} {[%emt 00:02:39]}
26. Qc1 {[%clk 00:30:14]} {[%emt 00:02:11]} Bxb2 {[%clk 00:47:06]} {[%emt
00:01:45]} 27. Rxb2 {[%clk 00:30:15]} {[%emt 00:00:29]} Rxb2 {[%emt 00:00:24]}
28. Qxb2 {[%clk 00:30:35]} {[%emt 00:00:08]} Qa6 {[%clk 00:47:35]} {[%emt
00:00:09]} 29. Nd2 {[%clk 00:29:30]} {[%emt 00:01:33]} Qa2 {[%clk 00:47:50]}
{[%emt 00:00:17]} 30. Qc1 {[%clk 00:29:20]} {[%emt 00:00:39]} b2 {[%clk
00:47:44]} {[%emt 00:00:38]} 31. Qb1 {[%clk 00:29:36]} {[%emt 00:00:13]} Qxb1+
{[%clk 00:47:25]} {[%emt 00:00:50]} 32. Nxb1 {[%clk 00:29:59]} {[%emt
00:00:07]} Na5 {[%clk 00:47:50]} {[%emt 00:00:05]} 33. f4 {[%clk 00:27:43]}
{[%emt 00:02:45]} g6 {[%clk 00:47:01]} {[%emt 00:01:20]} 34. g4 {[%clk
00:27:37]} {[%emt 00:00:35]} Ba4 {[%clk 00:47:01]} {[%emt 00:00:31]} 35. f5
{[%clk 00:27:38]} {[%emt 00:00:28]} Bc2 {[%clk 00:47:23]} {[%emt 00:00:08]} 36.
fxe6 {[%clk 00:27:32]} {[%emt 00:00:36]} fxe6 {[%clk 00:47:47]} {[%emt
00:00:06]} 37. Na3 {[%clk 00:27:17]} {[%emt 00:00:45]} b1=Q+ {[%clk 00:47:13]}
{[%emt 00:01:04]} 38. Nxb1 {[%clk 00:27:41]} {[%emt 00:00:07]} Bxb1 {[%clk
00:47:35]} {[%emt 00:00:07]} 39. g5 {[%clk 00:28:08]} {[%emt 00:00:03]} Kf7
{[%clk 00:47:59]} {[%emt 00:00:06]} 40. Bg4 {[%clk 00:28:07]} {[%emt 00:00:20]}
Nb3 {[%clk 00:48:07]} {[%emt 00:00:33]} 41. h4 {[%clk 00:27:50]} {[%emt
00:00:40]} Nc1 {[%clk 00:47:55]} {[%emt 00:00:49]} 42. Kf2 {[%clk 00:27:03]}
{[%emt 00:01:17]} Na2 {[%clk 00:48:18]} {[%emt 00:00:08]} 43. Ke1 {[%clk
00:26:43]} {[%emt 00:00:40]} Nxc3 {[%clk 00:48:44]} {[%emt 00:00:13]} 44. Kd2
{[%clk 00:27:06]} {[%emt 00:00:07]} Ne4+ {[%clk 00:49:06]} {[%emt 00:00:08]}
45. Kc1 {[%clk 00:27:14]} {[%emt 00:00:16]} Bd3 {[%clk 00:48:45]} {[%emt
00:00:56]} 46. Kb2 {[%clk 00:27:05]} {[%emt 00:00:38]} c3+ {[%clk 00:49:05]}
{[%emt 00:00:12]} 47. Kc1 {[%clk 00:27:28]} {[%emt 00:00:07]} Nd2 {[%clk
00:48:41]} {[%emt 00:00:54]} 48. Bd1 {[%clk 00:27:35]} {[%emt 00:00:23]} Be4
{[%clk 00:46:35]} {[%emt 00:02:37]} 49. h5 {[%clk 00:27:31]} {[%emt 00:00:34]}
gxh5 {[%clk 00:46:39]} {[%emt 00:00:24]} 50. Bxh5+ {[%clk 00:27:54]} {[%emt
00:00:08]} Kg7 {[%clk 00:47:01]} {[%emt 00:00:08]} 51. Bd1 {[%clk 00:27:53]}
{[%emt 00:00:30]} Kg6 {[%clk 00:46:42]} {[%emt 00:00:51]} 52. Ba4 {[%clk
00:27:59]} {[%emt 00:00:24]} Kxg5 {[%clk 00:46:59]} {[%emt 00:00:11]} 53. Kd1
{[%clk 00:27:47]} {[%emt 00:00:29]} h5 {[%clk 00:47:06]} {[%emt 00:00:38]} 54.
Bd7 {[%clk 00:27:51]} {[%emt 00:00:25]} Nb3 {[%clk 00:47:15]} {[%emt 00:00:22]}
55. Bxe6 {[%clk 00:27:08]} {[%emt 00:01:12]} c2+ {[%clk 00:47:32]} {[%emt
00:00:14]} 56. Ke2 {[%clk 00:27:18]} {[%emt 00:00:18]} c1=Q {[%clk 00:47:48]}
{[%emt 00:00:15]} 57. Bxd5 {[%clk 00:27:02]} {[%emt 00:00:46]} Qd2+ {[%clk
00:48:06]} {[%emt 00:00:12]} 58. Kf1 {[%clk 00:27:16]} {[%emt 00:00:17]} Qg2+
{[%clk 00:48:06]} {[%emt 00:00:30]} 59. Ke1 {[%clk 00:27:37]} {[%emt 00:00:07]}
Bxd5 {[%clk 00:48:11]} {[%emt 00:00:26]} 60. e6 {[%clk 00:27:46]} {[%emt
00:00:21]} Bc4 {[%clk 00:48:24]} {[%emt 00:00:17]} 0-1

[Event "DEM U12w 2025"]
[Site "Willingen GER"]
[Date "2025.06.11"]
[Round "6"]
[White "Ulianova, Anna"]
[Black "Preißler, Enie"]
[Result "0-1"]
[Termination "normal"]
[Board "19"]
[WhiteElo "1440"]
[BlackElo "1113"]
[WhiteClock "00:46:55"]
[BlackClock "00:39:26"]
[PlyCount "52"]
[WhiteFideId "34682660"]
[BlackFideId "533039151"]
[EventCountry "GER"]
[EventRounds "9"]
[EventType "swiss"]
[EventDate "2025.06.07"]

1. d4 {[%clk 01:30:56]} {[%emt 00:00:04]} d5 {[%clk 01:30:49]} {[%emt
00:00:11]} 2. c4 {[%clk 01:31:22]} {[%emt 00:00:05]} e6 {[%clk 01:31:12]}
{[%emt 00:00:06]} 3. Nc3 {[%clk 01:31:44]} {[%emt 00:00:09]} Be7 {[%clk
01:31:05]} {[%emt 00:00:36]} 4. Nf3 {[%clk 01:32:04]} {[%emt 00:00:10]} Nf6
{[%clk 01:30:28]} {[%emt 00:01:06]} 5. Bf4 {[%clk 01:28:46]} {[%emt 00:03:49]}
c6 {[%clk 01:28:05]} {[%emt 00:02:52]} 6. e3 {[%clk 01:27:45]} {[%emt
00:01:33]} Nbd7 {[%clk 01:25:37]} {[%emt 00:02:56]} 7. Qc2 {[%clk 01:26:49]}
{[%emt 00:01:26]} O-O {[%clk 01:24:08]} {[%emt 00:01:57]} 8. cxd5 {[%clk
01:17:52]} {[%emt 00:09:30]} exd5 {[%clk 01:17:51]} {[%emt 00:06:47]} 9. Bd3
{[%clk 01:13:01]} {[%emt 00:05:21]} Re8 {[%clk 01:05:15]} {[%emt 00:13:06]} 10.
Ne5 {[%clk 01:08:17]} {[%emt 00:05:15]} Bd6 {[%clk 00:59:36]} {[%emt 00:06:08]}
11. Nxd7 {[%clk 01:04:59]} {[%emt 00:03:49]} Qxd7 {[%clk 00:59:27]} {[%emt
00:00:39]} 12. Bxd6 {[%clk 01:05:09]} {[%emt 00:00:20]} Qxd6 {[%clk 00:59:28]}
{[%emt 00:00:29]} 13. O-O-O {[%clk 01:04:38]} {[%emt 00:01:01]} b6 {[%clk
00:54:52]} {[%emt 00:05:06]} 14. h4 {[%clk 01:00:30]} {[%emt 00:04:37]} h6
{[%clk 00:53:37]} {[%emt 00:01:46]} 15. Rhe1 {[%clk 00:57:26]} {[%emt
00:03:35]} a5 {[%clk 00:47:56]} {[%emt 00:06:10]} 16. e4 {[%clk 00:57:24]}
{[%emt 00:00:32]} dxe4 {[%clk 00:45:13]} {[%emt 00:03:13]} 17. Nxe4 {[%clk
00:54:34]} {[%emt 00:03:21]} Nxe4 {[%clk 00:39:24]} {[%emt 00:06:18]} 18. Bxe4
{[%clk 00:54:34]} {[%emt 00:00:31]} Bd7 {[%clk 00:39:22]} {[%emt 00:00:32]} 19.
Bh7+ {[%clk 00:52:32]} {[%emt 00:02:31]} Kf8 {[%clk 00:38:46]} {[%emt
00:01:06]} 20. Rxe8+ {[%clk 00:50:02]} {[%emt 00:03:01]} Rxe8 {[%clk 00:38:37]}
{[%emt 00:00:37]} 21. Bf5 {[%clk 00:46:40]} {[%emt 00:03:52]} Qf4+ {[%clk
00:38:39]} {[%emt 00:00:29]} 22. Qd2 {[%clk 00:46:01]} {[%emt 00:01:10]} Qxd2+
{[%clk 00:38:32]} {[%emt 00:00:37]} 23. Rxd2 {[%clk 00:46:19]} {[%emt
00:00:11]} Bxf5 {[%clk 00:38:48]} {[%emt 00:00:14]} 24. f3 {[%clk 00:46:09]}
{[%emt 00:00:40]} Re1+ {[%clk 00:39:01]} {[%emt 00:00:17]} 25. Rd1 {[%clk
00:46:31]} {[%emt 00:00:08]} Rxd1+ {[%clk 00:39:23]} {[%emt 00:00:09]} 26. Kxd1
{[%clk 00:46:55]} {[%emt 00:00:05]} Be6 {[%clk 00:39:26]} {[%emt 00:00:27]} 0-1

[Event "DEM U12w 2025"]
[Site "Willingen GER"]
[Date "2025.06.11"]
[Round "6"]
[White "Zietz, Leni"]
[Black "Tadic, Lena"]
[Result "1-0"]
[Termination "normal"]
[Board "20"]
[WhiteElo "1113"]
[BlackElo "1174"]
[WhiteClock "00:20:15"]
[BlackClock "00:42:55"]
[PlyCount "141"]
[WhiteFideId "533025886"]
[BlackFideId "34687300"]
[EventCountry "GER"]
[EventRounds "9"]
[EventType "swiss"]
[EventDate "2025.06.07"]

1. b3 {[%clk 01:30:59]} e5 {[%clk 01:30:25]} {[%emt 00:00:35]} 2. Bb2 {[%clk
01:31:18]} {[%emt 00:00:11]} Nc6 {[%clk 01:30:34]} {[%emt 00:00:20]} 3. e3
{[%clk 01:31:19]} {[%emt 00:00:31]} d5 {[%clk 01:29:40]} {[%emt 00:01:23]} 4.
d4 {[%clk 01:31:22]} {[%emt 00:00:28]} exd4 {[%clk 01:29:40]} {[%emt 00:00:29]}
5. exd4 {[%clk 01:31:31]} {[%emt 00:00:21]} Nf6 {[%clk 01:29:17]} {[%emt
00:00:52]} 6. Nf3 {[%clk 01:31:28]} {[%emt 00:00:34]} Be6 {[%clk 01:27:24]}
{[%emt 00:02:22]} 7. Be2 {[%clk 01:30:16]} {[%emt 00:01:39]} Bd6 {[%clk
01:26:34]} {[%emt 00:01:24]} 8. O-O {[%clk 01:30:14]} {[%emt 00:00:33]} h6
{[%clk 01:26:06]} {[%emt 00:00:58]} 9. c4 {[%clk 01:28:30]} {[%emt 00:02:13]}
O-O {[%clk 01:25:16]} {[%emt 00:01:20]} 10. Nc3 {[%clk 01:27:28]} {[%emt
00:01:32]} Ne7 {[%clk 01:22:11]} {[%emt 00:03:35]} 11. c5 {[%clk 01:23:59]}
{[%emt 00:03:59]} Bf4 {[%clk 01:20:12]} {[%emt 00:02:29]} 12. g3 {[%clk
01:23:49]} {[%emt 00:00:40]} Bg5 {[%clk 01:20:27]} {[%emt 00:00:15]} 13. h4
{[%clk 01:24:02]} {[%emt 00:00:18]} Bxh4 {[%clk 01:20:42]} {[%emt 00:00:15]}
14. Nxh4 {[%clk 01:24:22]} {[%emt 00:00:09]} a6 {[%clk 01:20:27]} {[%emt
00:00:46]} 15. Qc2 {[%clk 01:23:27]} {[%emt 00:01:24]} Nc6 {[%clk 01:19:34]}
{[%emt 00:01:23]} 16. Rfe1 {[%clk 01:21:10]} {[%emt 00:02:45]} Nxd4 {[%clk
01:19:18]} {[%emt 00:00:48]} 17. Qd3 {[%clk 01:20:47]} {[%emt 00:00:51]} Nc6
{[%clk 01:19:12]} {[%emt 00:00:38]} 18. Rad1 {[%clk 01:16:49]} {[%emt
00:04:21]} Qe7 {[%clk 01:17:00]} {[%emt 00:02:49]} 19. Ba3 {[%clk 01:14:43]}
{[%emt 00:02:36]} b5 {[%clk 01:14:32]} {[%emt 00:02:58]} 20. b4 {[%clk
01:13:29]} {[%emt 00:01:44]} d4 {[%clk 01:12:15]} {[%emt 00:02:48]} 21. Ne4
{[%clk 01:12:28]} {[%emt 00:01:28]} Bxa2 {[%clk 01:10:08]} {[%emt 00:02:39]}
22. Nxf6+ {[%clk 01:12:15]} {[%emt 00:00:43]} Qxf6 {[%clk 01:10:28]} {[%emt
00:00:10]} 23. Bf3 {[%clk 01:12:15]} {[%emt 00:00:29]} Ne5 {[%clk 01:08:46]}
{[%emt 00:02:14]} 24. Rxe5 {[%clk 01:10:31]} {[%emt 00:02:13]} Qxe5 {[%clk
01:08:26]} {[%emt 00:00:50]} 25. Bxa8 {[%clk 01:10:49]} {[%emt 00:00:12]} Rxa8
{[%clk 01:08:40]} {[%emt 00:00:16]} 26. Qxd4 {[%clk 01:10:34]} {[%emt
00:00:44]} Qe6 {[%clk 01:07:45]} {[%emt 00:01:24]} 27. Bb2 {[%clk 01:10:07]}
{[%emt 00:00:49]} f6 {[%clk 01:05:52]} {[%emt 00:02:31]} 28. Ng6 {[%clk
01:08:25]} {[%emt 00:02:06]} Qf7 {[%clk 01:04:18]} {[%emt 00:02:11]} 29. Nf4
{[%clk 01:06:09]} {[%emt 00:02:40]} Re8 {[%clk 00:59:39]} {[%emt 00:05:14]} 30.
Qd7 {[%clk 01:01:37]} {[%emt 00:05:02]} Qxd7 {[%clk 00:59:09]} {[%emt
00:01:01]} 31. Rxd7 {[%clk 01:01:55]} {[%emt 00:00:12]} c6 {[%clk 00:59:27]}
{[%emt 00:00:13]} 32. Ra7 {[%clk 01:00:56]} {[%emt 00:01:28]} Re1+ {[%clk
00:59:40]} {[%emt 00:00:16]} 33. Kh2 {[%clk 01:00:43]} {[%emt 00:00:43]} Rb1
{[%clk 00:59:55]} {[%emt 00:00:16]} 34. Bc3 {[%clk 00:59:52]} {[%emt 00:01:18]}
Rc1 {[%clk 00:59:37]} {[%emt 00:00:50]} 35. Rxa6 {[%clk 00:59:35]} {[%emt
00:00:48]} Rxc3 {[%clk 00:59:43]} {[%emt 00:00:23]} 36. Rxa2 {[%clk 00:59:50]}
{[%emt 00:00:16]} Rb3 {[%clk 01:00:02]} {[%emt 00:00:12]} 37. Ra6 {[%clk
00:59:31]} {[%emt 00:00:47]} Rxb4 {[%clk 01:00:13]} {[%emt 00:00:20]} 38. Rxc6
{[%clk 00:59:42]} {[%emt 00:00:20]} Rc4 {[%clk 01:00:30]} {[%emt 00:00:12]} 39.
Rc8+ {[%clk 00:56:25]} {[%emt 00:03:47]} Kf7 {[%clk 01:00:35]} {[%emt
00:00:24]} 40. Rc7+ {[%clk 00:43:20]} {[%emt 00:13:35]} Kg8 {[%clk 01:00:00]}
{[%emt 00:01:05]} 41. c6 {[%clk 00:39:06]} {[%emt 00:04:45]} Kh7 {[%clk
00:59:52]} {[%emt 00:00:38]} 42. Rc8 {[%clk 00:37:39]} {[%emt 00:01:57]} b4
{[%clk 00:58:45]} {[%emt 00:01:36]} 43. c7 {[%clk 00:36:07]} {[%emt 00:02:03]}
b3 {[%clk 00:58:35]} {[%emt 00:00:40]} 44. Nd3 {[%clk 00:34:08]} {[%emt
00:02:30]} Kg6 {[%clk 00:55:46]} {[%emt 00:03:17]} 45. g4 {[%clk 00:33:12]}
{[%emt 00:01:26]} Kf7 {[%clk 00:53:51]} {[%emt 00:02:25]} 46. Nf4 {[%clk
00:31:47]} {[%emt 00:01:56]} b2 {[%clk 00:53:29]} {[%emt 00:00:52]} 47. Rb8
{[%clk 00:31:03]} {[%emt 00:01:13]} Rxc7 {[%clk 00:53:51]} {[%emt 00:00:09]}
48. Rxb2 {[%clk 00:31:26]} {[%emt 00:00:07]} Rc4 {[%clk 00:52:54]} {[%emt
00:01:21]} 49. Kg3 {[%clk 00:31:37]} {[%emt 00:00:25]} Rc5 {[%clk 00:52:49]}
{[%emt 00:00:32]} 50. Rb7+ {[%clk 00:31:18]} {[%emt 00:00:53]} Kg8 {[%clk
00:52:40]} {[%emt 00:00:39]} 51. Ne6 {[%clk 00:31:07]} {[%emt 00:00:35]} Rc6
{[%clk 00:52:47]} {[%emt 00:00:28]} 52. Nxg7 {[%clk 00:31:08]} {[%emt
00:00:28]} Rc5 {[%clk 00:52:00]} {[%emt 00:01:18]} 53. Nf5 {[%clk 00:30:13]}
{[%emt 00:01:21]} h5 {[%clk 00:51:43]} {[%emt 00:00:51]} 54. Nh6+ {[%clk
00:29:19]} {[%emt 00:01:21]} Kh8 {[%clk 00:51:36]} {[%emt 00:00:39]} 55. Rf7
{[%clk 00:28:27]} {[%emt 00:01:21]} hxg4 {[%clk 00:51:32]} {[%emt 00:00:36]}
56. Kxg4 {[%clk 00:27:52]} {[%emt 00:01:05]} Rd5 {[%clk 00:50:35]} {[%emt
00:01:27]} 57. f4 {[%clk 00:26:13]} {[%emt 00:02:08]} Rc5 {[%clk 00:47:42]}
{[%emt 00:03:23]} 58. Rxf6 {[%clk 00:26:20]} {[%emt 00:00:24]} Rd5 {[%clk
00:47:47]} {[%emt 00:00:24]} 59. Rf7 {[%clk 00:26:20]} {[%emt 00:00:32]} Rg5+
{[%clk 00:47:58]} {[%emt 00:00:18]} 60. Kf3 {[%clk 00:25:19]} {[%emt 00:01:31]}
Rg3+ {[%clk 00:47:58]} {[%emt 00:00:28]} 61. Ke4 {[%clk 00:25:37]} {[%emt
00:00:13]} Re3+ {[%clk 00:47:45]} {[%emt 00:00:42]} 62. Kf5 {[%clk 00:25:46]}
{[%emt 00:00:23]} Re5+ {[%clk 00:47:49]} {[%emt 00:00:26]} 63. Kf6 {[%clk
00:21:51]} {[%emt 00:04:23]} Re6+ {[%clk 00:47:28]} {[%emt 00:00:53]} 64. Kg5
{[%clk 00:21:42]} {[%emt 00:00:36]} Rg6+ {[%clk 00:47:23]} {[%emt 00:00:38]}
65. Kh4 {[%clk 00:21:32]} {[%emt 00:00:40]} Rxh6+ {[%clk 00:47:35]} {[%emt
00:00:18]} 66. Kg5 {[%clk 00:21:53]} {[%emt 00:00:09]} Rd6 {[%clk 00:47:13]}
{[%emt 00:00:41]} 67. f5 {[%clk 00:22:06]} {[%emt 00:00:28]} Kg8 {[%clk
00:46:43]} {[%emt 00:00:58]} 68. Ra7 {[%clk 00:22:20]} {[%emt 00:00:17]} Rd8
{[%clk 00:46:29]} {[%emt 00:00:45]} 69. Kg6 {[%clk 00:22:13]} {[%emt 00:00:37]}
Kf8 {[%clk 00:43:27]} {[%emt 00:03:32]} 70. f6 {[%clk 00:20:10]} {[%emt
00:02:33]} Re8 {[%clk 00:42:55]} {[%emt 00:01:02]} 71. Rh7 {[%clk 00:20:15]}
{[%emt 00:00:24]} 1-0